Sports Dynasties - Back-to-Back Champions - Statistics

General Stats
  • This quiz has been taken 46 times
  • The average score is 38 of 49
Answer Stats
Year Answer % Correct
2017-2018 Golden State Warriors
98%
1959-1966 Boston Celtics
95%
1968-1969 Boston Celtics
95%
1952-1954 Los Angeles Lakers
95%
1987-1988 Los Angeles Lakers
95%
2000-2002 Los Angeles Lakers
95%
2009-2010 Los Angeles Lakers
95%
2023-2024 Kansas City Chiefs
93%
2003-2004 New England Patriots
93%
1927-1928 New York Yankees
90%
1936-1939 New York Yankees
90%
1949-1953 New York Yankees
90%
1961-1962 New York Yankees
90%
1977-1978 New York Yankees
90%
1998-2000 New York Yankees
90%
1991-1993 Chicago Bulls
88%
1996-1998 Chicago Bulls
88%
1989-1990 Detroit Pistons
83%
1966-1967 Green Bay Packers
83%
1994-1995 Houston Rockets
83%
1974-1975 Pittsburgh Steelers
83%
1978-1979 Pittsburgh Steelers
83%
1975-1976 Cincinnati Reds
80%
2024-2025 Los Angeles Dodgers
80%
2012-2013 Miami Heat
80%
1992-1993 Dallas Cowboys
78%
1965-1966 Montreal Canadiens
78%
1968-1969 Montreal Canadiens
78%
1976-1979 Montreal Canadiens
78%
1988-1989 San Francisco 49ers
75%
2024-2025 Florida Panthers
73%
1947-1949 Toronto Maple Leafs
73%
1962-1964 Toronto Maple Leafs
73%
1984-1985 Edmonton Oilers
70%
1987-1988 Edmonton Oilers
70%
1991-1992 Pittsburgh Penguins
70%
2016-2017 Pittsburgh Penguins
70%
2020-2021 Tampa Bay Lightning
68%
1936-1937 Detroit Red Wings
65%
1997-1998 Detroit Red Wings
65%
1972-1973 Miami Dolphins
65%
1956-1960 Montreal Canadiens
63%
1972-1974 Oakland Athletics
63%
1980-1983 New York Islanders
60%
1921-1922 San Francisco Giants
58%
1997-1998 Denver Broncos
55%
1974-1975 Philadelphia Flyers
53%
1992-1993 Toronto Blue Jays
53%
1929-1930 Philadelphia Athletics
35%
No matching quizzes found
Score Distribution
Percent of People with Each Score
Percentile by Number Answered
Your Score History
You have not taken this quiz